Европейское право (Запись № 15115)

Подробности
000 -МАРКЕР
контрольное поле 01402nam0a2200301 4500
001 - ИДЕНТИФИКАТОР ЗАПИСИ
контрольное поле RU\NLR\bibl\5514
005 - ИДЕНТИФИКАТОР ВЕРСИИ
контрольное поле 20260406045954.0
010 ## - МЕЖДУНАРОДНЫЙ СТАНДАРТНЫЙ НОМЕР КНИГИ (ISBN)
Номер (ISBN) 5-7975-0061-2
Тираж 5000
021 ## - НОМЕР ГОСУДАРСТВЕННОЙ РЕГИСТРАЦИИ
Код страны российская федерация
Номер 98-5557
Номер Листа государственной регистраци 268
035 ## - ДРУГИЕ СИСТЕМНЫЕ НОМЕРА
Идентификатор записи (NLR Aleph) 000005370
100 ## - ДАННЫЕ ОБЩЕЙ ОБРАБОТКИ
Данные общей обработки 19980831d1998 |||y0rusy50 ca
101 0# - ЯЗЫК РЕСУРСА
Язык текста, звукозаписи и т.д. русский
102 ## - СТРАНА ПУБЛИКАЦИИ ИЛИ ПРОИЗВОДСТВА
Страна публикации российская федерация
105 ## - ПОЛЕ КОДИРОВАННЫХ ДАННЫХ: ТЕКСТОВЫЕ МАТЕРИАЛЫ, МОНОГРАФИЧЕСКИЕ
Кодированные данные о монографическом текстовом документе y |||||||||
200 1# - ЗАГЛАВИЕ И СВЕДЕНИЯ ОБ ОТВЕТСТВЕННОСТИ
Основное заглавие Европейское право
Сведения, относящиеся к заглавию Учеб.
-- [Для студентов, аспирантов и преподавателей юрид. вузов и фак.]
Первые сведения об ответственности Б.Н. Топорнин
Последующие сведения об ответственности Ин-т государства и права Рос. Акад. наук
210 ## - ПУБЛИКАЦИЯ, РАСПРОСТРАНЕНИЕ И ДР.
Место издания, распространения и т.д. М.
Имя издателя, распространителя и т. д. Юристъ
Дата издания, распространения и т.д. 1998
215 ## - ФИЗИЧЕСКАЯ ХАРАКТЕРИСТИКА
Специфическое обозначение материала и объем 455 с.
Размеры 22
225 1# - СЕРИЯ
Основное заглавие серии Institutiones
606 0# - НАИМЕНОВАНИЕ ТЕМЫ КАК ПРЕДМЕТ
Наименование темы Право
Формальный подзаголовок Руководства, пособия и т.п. для высшей школы
Географический подзаголовок Страны Европейского сообщества
Системный номер авторитетной/нормативной записи 2078853
Идентификатор авторитетной/нормативной записи RU\NLR\auth\661254719
606 0# - НАИМЕНОВАНИЕ ТЕМЫ КАК ПРЕДМЕТ
Наименование темы Право
Формальный подзаголовок Учебные издания для высшей школы
Географический подзаголовок Страны Европейского сообщества
Системный номер авторитетной/нормативной записи 2078853
Идентификатор авторитетной/нормативной записи RU\NLR\auth\661254719
686 ## - ИНДЕКСЫ ДРУГИХ КЛАССИФИКАЦИЙ
Индекс Х915.232я73-1
700 #1 - ИМЯ ЛИЦА - ПЕРВИЧНАЯ ОТВЕТСТВЕННОСТЬ
Код отношения Автор
Материалы, к которым относится поле rus
Графика поля Кириллица
Начальный элемент ввода Топорнин
Часть имени, кроме начального элемента ввода Б. Н.
Даты 1929-2005
Расширение инициалов личного имени Борис Николаевич
Идентификатор авторитетной/нормативной записи RU\NLR\auth\775547
Системный номер авторитетной/нормативной записи 115511
801 #0 - ИСТОЧНИК ЗАПИСИ
Страна российская федерация
Организация NLR
Дата составления 19980831
Правила каталогизации PSBO
801 #1 - ИСТОЧНИК ЗАПИСИ
Страна российская федерация
Организация NLR
Дата составления 19980831
852 ## - МЕСТОНАХОЖДЕНИЕ И ШИФР ХРАНЕНИЯ
Идентификатор организации NLR
Шифр хранения (Call Number) 98-5/785
942 ## - ДОПОЛНИТЕЛЬНЫЕ ЭЛЕМЕНТЫ ЗАПИСИ (АБИС)
Тип экземпляра АБИС Книга
980 ## - КОЛЛЕКЦИЯ
Название коллекции Национальная библиография
Экземпляры
Тип экземпляра Дата поступления Библиотека постоянного хранения Библиотека текущего хранения Место хранения Шифр хранения Штрих-код Статус не для выдачи
Книга 26.10.2013 РНБ (Московский) РНБ (Московский) Русский книжный фонд: издания с 1957 года, 8этаж 98-5/785 5370-10